Statystyki dla Wszystkie miasta Polski na literę M

Kliknij tutaj aby rozwiązać quiz!

Ogólne statystyki

  • Ten quiz został rozwiązany 641 razy
    (140 od ostatniego zresetowania)
  • Średni wynik to 37 z 62

Statystyki odpowiedzi

WojewództwoPopulacjaMiasto% Poprawnych
podkarpackie60075Mielec
88%
śląskie74559Mysłowice
85%
pomorskie38101Malbork
84%
warmińsko-mazurskie21302Mrągowo
84%
mazowieckie40916Mińsk Mazowiecki
81%
mazowieckie31129Mława
81%
lubuskie17667Międzyrzecz
79%
mazowieckie36816Marki
78%
małopolskie18325Myślenice
78%
zachodniopomorskie2898Mielno
77%
śląskie41003Mikołów
77%
wielkopolskie10476Międzychód
76%
zachodniopomorskie5307Międzyzdroje
76%
podlaskie9933Mońki
76%
warmińsko-mazurskie3741Mikołajki
74%
śląskie31261Myszków
74%
dolnośląskie11199Milicz
73%
małopolskie11500Miechów
72%
zachodniopomorskie11049Myślibórz
72%
kujawsko-pomorskie11652Mogilno
70%
pomorskie10211Miastko
68%
mazowieckie9575Maków Mazowiecki
67%
lubelskie16667Międzyrzec Podlaski
66%
warmińsko-mazurskie13459Morąg
66%
małopolskie5769Maków Podhalański
65%
mazowieckie16478Milanówek
62%
wielkopolskie14255Mosina
60%
małopolskie4737Muszyna
58%
śląskie7418Miasteczko Śląskie
57%
dolnośląskie2514Międzylesie
57%
małopolskie7899Mszana Dolna
56%
świętokrzyskie3670Małogoszcz
55%
dolnośląskie2341Międzybórz
55%
mazowieckie1710Mordy
55%
mazowieckie3586Mrozy
55%
mazowieckie6290Mszczonów
55%
wielkopolskie10410Murowana Goślina
55%
podlaskie2983Michałowo
54%
warmińsko-mazurskie2421Miłomłyn
53%
zachodniopomorskie3054Mirosławiec
51%
lubelskie1459Modliborzyce
49%
mazowieckie2193Mogielnica
49%
mazowieckie3397Myszyniec
49%
dolnośląskie3964Mieroszów
48%
dolnośląskie3786Mirsk
48%
świętokrzyskie1708Morawica
48%
kujawsko-pomorskie4298Mrocza
48%
warmińsko-mazurskie2540Miłakowo
47%
wielkopolskie2984Margonin
46%
wielkopolskie3534Miłosław
46%
zachodniopomorskie3346Maszewo
45%
warmińsko-mazurskie1763Młynary
44%
lubuskie3496Małomice
43%
wielkopolskie1080Miasteczko Krajeńskie
43%
zachodniopomorskie1612Moryń
43%
zachodniopomorskie3577Mieszkowice
42%
wielkopolskie1812Mikstat
42%
wielkopolskie3203Miejska Górka
41%
dolnośląskie2078Miękinia
41%
mazowieckie1410Maciejowice
32%
mazowieckie966Magnuszew
29%
wielkopolskie2362Mieścisko
29%

Rozkład punktacji

Percentyl według liczby udzielonych odpowiedzi

Procent ludzi z każdym wynikiem

Twoja historia wyników

Nie rozwiązałeś tego quizu od ostatniego zresetowania